[Event "Ho Chi Minh City HD Bank op 1st"]
[Site "Ho Chi Minh City"]
[Date "2011.01.05"]
[Round "4"]
[White "Nguyen, Quynh Anh"]
[Black "Nguyen, Minh Tuan"]
[Result "0-1"]
[WhiteElo "2177"]
[BlackElo "2106"]
[PlyCount "44"]
[EventDate "2011.01.04"]
[EventType "swiss"]
[EventRounds "9"]
[EventCountry "VIE"]
[SourceTitle "CBM 140 Extra"]
[Source "ChessBase"]
[SourceDate "2011.03.01"]
[SourceVersion "1"]
[SourceVersionDate "2011.03.01"]
[SourceQuality "1"]

1. e4 g6 2. d4 Bg7 3. c4 d6 4. Nc3 Nf6 5. f3 0-0 6. Be3 e5 7. Nge2 c6 8. Qd2 Nbd7 9. Rd1 Qc7 10. Nc1 Re8 11. Be2 h5 12. d5 cxd5 13. Nxd5 Nxd5 14. Qxd5 Bf8 15. 0-0 Nb6 16. Qd3 f5 17. exf5 Bxf5 18. Qc3 Rac8 19. b3 d5 20. Qa5 dxc4 21. Qxa7 Bc5 22. Bxc4+ Nxc4 0-1

[Event "Ho Chi Minh City HD Bank op 1st"]
[Site "Ho Chi Minh City"]
[Date "2011.01.05"]
[Round "3"]
[White "Pham, Le Thao Nguyen"]
[Black "Nguyen, Quynh Anh"]
[Result "1-0"]
[WhiteElo "2343"]
[BlackElo "2177"]
[PlyCount "55"]
[EventDate "2011.01.04"]
[EventType "swiss"]
[EventRounds "9"]
[EventCountry "VIE"]
[SourceTitle "CBM 140 Extra"]
[Source "ChessBase"]
[SourceDate "2011.03.01"]
[SourceVersion "1"]
[SourceVersionDate "2011.03.01"]
[SourceQuality "1"]

1. d4 d5 2. Bf4 Nf6 3. e3 e6 4. Nd2 Be7 5. Bd3 0-0 6. h3 c5 7. c3 Nc6 8. Ngf3 Bd6 9. Ne5 Qc7 10. Ndf3 h6 11. g4 Nd7 12. g5 Ncxe5 13. dxe5 Nxe5 14. Bxe5 Bxe5 15. h4 d4 16. gxh6 dxc3 17. hxg7 Bxg7 18. bxc3 Bxc3+ 19. Kf1 Rd8 20. Rc1 Bf6 21. Ng5 b6 22. Qh5 Qd7 23. Be2 Bb7 24. Rg1 Bxg5 25. Qh6 f6 26. Qxf6 Qf7 27. Rxg5+ Kf8 28. Qh6+ 1-0

[Event "VIE-ch (Women) playoff"]
[Site "Ho Chi Minh City"]
[Date "2010.04.03"]
[Round "4"]
[White "Nguyen Thi Diem, Huong"]
[Black "Nguyen, Quynh Anh"]
[Result "0-1"]
[WhiteElo "1991"]
[BlackElo "2153"]
[PlyCount "38"]
[EventDate "2010.04.01"]
[EventType "match"]
[EventRounds "4"]
[EventCountry "VIE"]
[SourceTitle "CBM 135 Extra"]
[Source "ChessBase"]
[SourceDate "2010.05.04"]
[SourceVersion "1"]
[SourceVersionDate "2010.05.04"]
[SourceQuality "1"]

1. d4 d5 2. Nf3 c6 3. c4 e6 4. Nc3 dxc4 5. a4 Bb4 6. e4 Nf6 7. Qc2 b5 8. Bd2 Qb6 9. e5 Nd5 10. Ne4 Be7 11. axb5 cxb5 12. b3 Nc6 13. Qb2 cxb3 14. Qxb3 0-0 15. Bxb5 Rb8 16. Rb1 Nxd4 17. Nxd4 Qxd4 18. Qc2 Nb4 19. Qc4 Rxb5 0-1

[Event "VIE-ch (Women)"]
[Site "Ho Chi Minh City"]
[Date "2010.03.30"]
[Round "7"]
[White "Bui, Kim Le"]
[Black "Nguyen, Quynh Anh"]
[Result "0-1"]
[WhiteElo "2147"]
[BlackElo "2153"]
[PlyCount "54"]
[EventDate "2010.03.26"]
[EventType "swiss"]
[EventRounds "9"]
[EventCountry "VIE"]
[SourceTitle "CBM 135 Extra"]
[Source "ChessBase"]
[SourceDate "2010.05.04"]
[SourceVersion "1"]
[SourceVersionDate "2010.05.04"]
[SourceQuality "1"]

1. e4 c5 2. Nf3 d6 3. d4 cxd4 4. Nxd4 Nf6 5. Nc3 a6 6. Bg5 e6 7. f4 Be7 8. Qf3 Qc7 9. 0-0-0 Nbd7 10. Kb1 b5 11. Bxf6 Nxf6 12. e5 Bb7 13. Qh3 dxe5 14. Ncxb5 axb5 15. Bxb5+ Kf8 16. fxe5 Qxe5 17. Rhe1 Ne4 18. Rf1 Ng5 19. Qc3 Bxg2 20. Rfe1 Qc5 21. Qg3 Bd5 22. a3 Ne4 23. Qf4 Nc3+ 24. bxc3 Qxa3 25. Nb3 Bxb3 26. cxb3 Qxb3+ 27. Kc1 Qxc3+ 0-1

[Event "VIE-ch (Women)"]
[Site "Ho Chi Minh City"]
[Date "2010.03.30"]
[Round "8"]
[White "Nguyen, Quynh Anh"]
[Black "Pham Thi Thu, Hien"]
[Result "1-0"]
[WhiteElo "2153"]
[BlackElo "2034"]
[PlyCount "65"]
[EventDate "2010.03.26"]
[EventType "swiss"]
[EventRounds "9"]
[EventCountry "VIE"]
[SourceTitle "CBM 135 Extra"]
[Source "ChessBase"]
[SourceDate "2010.05.04"]
[SourceVersion "1"]
[SourceVersionDate "2010.05.04"]
[SourceQuality "1"]

1. e4 c5 2. Nf3 d6 3. d4 cxd4 4. Nxd4 Nf6 5. Nc3 a6 6. Be2 e6 7. Be3 Qc7 8. a4 Be7 9. 0-0 Nc6 10. f4 Na5 11. Qd3 Bd7 12. Rad1 Rc8 13. Kh1 Nc4 14. Bc1 Qb6 15. b3 Na5 16. e5 Ng8 17. exd6 Qxd6 18. Ne4 Qc7 19. Qg3 Bf8 20. Ba3 Nh6 21. Bxf8 Kxf8 22. Qg5 Nc6 23. f5 Nxf5 24. Nxf5 exf5 25. Nd6 h6 26. Qh5 g6 27. Qh4 Rb8 28. Qf6 Rh7 29. Bc4 Be8 30. Rfe1 Na5 31. Bxf7 Bxf7 32. Nxf7 Qxf7 33. Qd6+ 1-0

[Event "VIE-ch (Women)"]
[Site "Ho Chi Minh City"]
[Date "2010.03.28"]
[Round "5"]
[White "Nguyen, Quynh Anh"]
[Black "Nguyen, Hoang Anh"]
[Result "1-0"]
[WhiteElo "2153"]
[BlackElo "2069"]
[PlyCount "71"]
[EventDate "2010.03.26"]
[EventType "swiss"]
[EventRounds "9"]
[EventCountry "VIE"]
[SourceTitle "CBM 135 Extra"]
[Source "ChessBase"]
[SourceDate "2010.05.04"]
[SourceVersion "1"]
[SourceVersionDate "2010.05.04"]
[SourceQuality "1"]

1. e4 g6 2. d4 Bg7 3. c4 d6 4. Nc3 Nf6 5. f3 c6 6. Be3 Nbd7 7. Qd2 Qc7 8. Nge2 a6 9. Rc1 0-0 10. Ng3 e5 11. Be2 exd4 12. Bxd4 Nc5 13. 0-0 Ne6 14. Be3 Qe7 15. Rfd1 Rd8 16. f4 Ne8 17. Na4 Rb8 18. Nb6 Qf6 19. f5 Qxb2 20. Nxc8 Qxd2 21. Rxd2 Rbxc8 22. fxe6 fxe6 23. Rcd1 Rd7 24. Bg4 Re7 25. Ne2 Rd8 26. Nd4 e5 27. Ne6 Rb8 28. Nxg7 Kxg7 29. Bg5 Rc7 30. Rf2 h6 31. Be3 Nf6 32. Bf3 Rd7 33. Rfd2 Ne8 34. c5 Rbd8 35. Bg4 Rf7 36. cxd6 1-0

[Event "VIE-ch (Women)"]
[Site "Ho Chi Minh City"]
[Date "2010.03.26"]
[Round "1"]
[White "Doan Thi Hong, Nhung"]
[Black "Nguyen, Quynh Anh"]
[Result "0-1"]
[WhiteElo "1888"]
[BlackElo "2153"]
[PlyCount "64"]
[EventDate "2010.03.26"]
[EventType "swiss"]
[EventRounds "9"]
[EventCountry "VIE"]
[SourceTitle "CBM 135 Extra"]
[Source "ChessBase"]
[SourceDate "2010.05.04"]
[SourceVersion "1"]
[SourceVersionDate "2010.05.04"]
[SourceQuality "1"]

1. e4 c5 2. Nf3 d6 3. d4 cxd4 4. Nxd4 Nf6 5. Nc3 e6 6. Bg5 a6 7. Qf3 Nbd7 8. Be2 Qc7 9. a4 b6 10. 0-0 Bb7 11. Qe3 Be7 12. f4 h6 13. Bxf6 Bxf6 14. Bf3 0-0 15. Rad1 Rad8 16. Rf2 Rfe8 17. Rfd2 Nf8 18. Nce2 Ng6 19. g3 e5 20. fxe5 dxe5 21. Nf5 Bg5 22. Nf4 exf4 23. Rxd8 Rxd8 24. Rxd8+ Qxd8 25. Qc3 Bf6 26. Qb3 fxg3 27. hxg3 Ne5 28. Bg2 Qd1+ 29. Kh2 Ng4+ 30. Kh3 Nf2+ 31. Kh2 Bxe4 32. Bxe4 Nxe4 0-1

[Event "Ho Chi Minh City op"]
[Site "Ho Chi Minh City"]
[Date "2009.12.07"]
[Round "8"]
[White "Nguyen, Quynh Anh"]
[Black "Wolfaardt, Francois"]
[Result "1-0"]
[WhiteElo "2102"]
[BlackElo "1786"]
[PlyCount "53"]
[EventDate "2009.12.03"]
[EventType "swiss"]
[EventRounds "9"]
[EventCountry "VIE"]
[SourceTitle "CBM 133 Extra"]
[Source "ChessBase"]
[SourceDate "2010.01.05"]
[SourceVersion "1"]
[SourceVersionDate "2010.01.05"]
[SourceQuality "1"]

1. e4 e5 2. d4 exd4 3. Qxd4 Nc6 4. Qe3 d6 5. Nc3 Nf6 6. Bd2 Be6 7. 0-0-0 Qe7 8. f4 g6 9. h3 Bg7 10. Nf3 h6 11. g4 0-0-0 12. Bb5 Kb8 13. Be1 Bd7 14. Bf2 b6 15. e5 Ne8 16. Nd5 Qe6 17. Bc4 Na5 18. Nxb6 Nxc4 19. Nxc4 c5 20. Nxd6 Qxa2 21. Qxc5 Bc6 22. Qxa7+ Qxa7 23. Bxa7+ Kxa7 24. Nb5+ Kb6 25. Rxd8 Bb7 26. Rb8 Kc6 27. Nfd4+ 1-0

[Event "Ho Chi Minh City op"]
[Site "Ho Chi Minh City"]
[Date "2009.12.06"]
[Round "6"]
[White "Lim, Yee Weng"]
[Black "Nguyen, Quynh Anh"]
[Result "1-0"]
[WhiteElo "2376"]
[BlackElo "2102"]
[PlyCount "23"]
[EventDate "2009.12.03"]
[EventType "swiss"]
[EventRounds "9"]
[EventCountry "VIE"]
[SourceTitle "CBM 133 Extra"]
[Source "ChessBase"]
[SourceDate "2010.01.05"]
[SourceVersion "1"]
[SourceVersionDate "2010.01.05"]
[SourceQuality "1"]

1. e4 c5 2. c3 d5 3. exd5 Qxd5 4. d4 Nc6 5. Nf3 Nf6 6. dxc5 Qxc5 7. Na3 Ng4 8. Qe2 Bf5 9. h3 Nf6 10. Nb5 Nd5 11. b4 Qb6 12. Nd6+ 1-0

[Event "Ho Chi Minh City op"]
[Site "Ho Chi Minh City"]
[Date "2009.12.05"]
[Round "5"]
[White "Nguyen, Quynh Anh"]
[Black "Pham, Le Thao Nguyen"]
[Result "0-1"]
[WhiteElo "2102"]
[BlackElo "2314"]
[PlyCount "124"]
[EventDate "2009.12.03"]
[EventType "swiss"]
[EventRounds "9"]
[EventCountry "VIE"]
[SourceTitle "CBM 133 Extra"]
[Source "ChessBase"]
[SourceDate "2010.01.05"]
[SourceVersion "1"]
[SourceVersionDate "2010.01.05"]
[SourceQuality "1"]

1. e4 Nf6 2. e5 Nd5 3. c4 Nb6 4. d4 d6 5. exd6 cxd6 6. Nc3 g6 7. Be3 Bg7 8. Rc1 0-0 9. b3 Nc6 10. d5 Ne5 11. Be2 h5 12. h3 e6 13. dxe6 Bxe6 14. Nf3 d5 15. Bxb6 Qxb6 16. cxd5 Rac8 17. 0-0 Bxh3 18. Na4 Nxf3+ 19. Bxf3 Qf6 20. Nc5 b6 21. gxh3 bxc5 22. Rc4 Rfd8 23. Re1 Bf8 24. Bg2 Bd6 25. Qf3 Qb2 26. Qe2 Qg7 27. Re4 Kh7 28. Qa6 Rc7 29. Qd3 Rb8 30. Bf3 Qf6 31. Bg2 Rb4 32. Qf3 Qb2 33. R4e2 Qg7 34. Re4 Rcb7 35. Bf1 Rd4 36. Rxd4 Qxd4 37. Ba6 Rc7 38. Kg2 Qd2 39. Re2 Qg5+ 40. Kh1 Be5 41. Bc4 Rd7 42. Qe3 Bf4 43. Qxc5 Rd6 44. Qd4 Rf6 45. Qe4 Bd6 46. Qg2 Qc1+ 47. Qg1 Qf4 48. Qg2 Rf5 49. Re4 Qc1+ 50. Qg1 Qd2 51. Re2 Qc3 52. Re3 Qf6 53. Re2 Rf3 54. Qg2 Qf5 55. Kg1 Rxh3 56. Re3 Rh4 57. Kf1 Rg4 58. Qf3 Rf4 59. Qg2 Bb4 60. f3 Qb1+ 61. Ke2 Qc2+ 62. Kf1 Qc1+ 0-1

[Event "Ho Chi Minh City op"]
[Site "Ho Chi Minh City"]
[Date "2009.12.04"]
[Round "3"]
[White "Le, Quang Liem"]
[Black "Nguyen, Quynh Anh"]
[Result "1-0"]
[WhiteElo "2602"]
[BlackElo "2102"]
[PlyCount "119"]
[EventDate "2009.12.03"]
[EventType "swiss"]
[EventRounds "9"]
[EventCountry "VIE"]
[SourceTitle "CBM 133 Extra"]
[Source "ChessBase"]
[SourceDate "2010.01.05"]
[SourceVersion "1"]
[SourceVersionDate "2010.01.05"]
[SourceQuality "1"]

1. d4 d5 2. c4 e6 3. Nf3 c6 4. Qc2 Nf6 5. Bg5 Nbd7 6. Nbd2 Be7 7. e3 h6 8. Bh4 0-0 9. Rc1 b6 10. cxd5 cxd5 11. Qc6 Rb8 12. Qa4 a6 13. Bg3 b5 14. Qc2 Ra8 15. Qc6 Ra7 16. Bd3 Bb7 17. Qc7 Qxc7 18. Bxc7 Rc8 19. Ke2 Ne8 20. Ba5 Raa8 21. Ne5 Ndf6 22. Nb3 Rxc1 23. Rxc1 Rc8 24. Ra1 Bc6 25. Nc5 Bxc5 26. dxc5 Ba8 27. Bb6 Ne4 28. f3 f6 29. Ng6 Kf7 30. Nf4 e5 31. fxe4 dxe4 32. Bc2 exf4 33. Bb3+ Ke7 34. exf4 Nc7 35. a4 Bd5 36. Bd1 Bc4+ 37. Ke3 f5 38. g4 g6 39. gxf5 gxf5 40. axb5 Bxb5 41. Bxc7 Rxc7 42. b4 Rb7 43. Bc2 Rd7 44. Rg1 Kf6 45. Rg8 Rb7 46. Rf8+ Rf7 47. Rb8 Rc7 48. Rb6+ Kg7 49. h4 Rc6 50. Rb7+ Kg6 51. Bd1 Rc8 52. h5+ Kf6 53. Rh7 Rg8 54. Rxh6+ Ke7 55. Rg6 Rh8 56. h6 Rb8 57. Bb3 Rh8 58. Bd5 Kd7 59. Rg7+ Kc8 60. h7 1-0